000
00284nam a2200121Ia 4500
008
220204s9999 xx 000 0 und d
082
_a
665.93
_b
ADH.8
245
0
_a
Adhesion. 8
260
_a
London
_b
Applied science
_c
1984
650
_a
Adhesive bonding
700
_a
K W
942
_c
BK
999
_c
38872
_d
38872